Core monitoring for commercial reactors improvements in systems and methods. Stockholm, Sweden 4-5 October 1999
Na minha lista:
| Formato: | Livro |
|---|---|
| Idioma: | inglês |
| Publicado em: |
Paris
OECD
2000
|
| Colecção: | OECD Proceedings
|
| Assuntos: | |
| Tags: |
Sem tags, seja o primeiro a adicionar uma tag!
|
MARC
| LEADER | 00000nam a2200000 4500 | ||
|---|---|---|---|
| 001 | c122000 | ||
| 005 | 20221221084204.5 | ||
| 020 | |a 92-64-17659-4 | ||
| 041 | 0 | |a eng | |
| 044 | |a FR | ||
| 245 | 1 | 0 | |a Core monitoring for commercial reactors |b improvements in systems and methods. Stockholm, Sweden 4-5 October 1999 |
| 264 | 1 | |a Paris |b OECD |c 2000 | |
| 300 | |a 294 s. | ||
| 490 | 1 | |a OECD Proceedings | |
| 830 | 0 | |a OECD Proceedings | |
| 610 | 2 | 0 | |a reaktory |
| 610 | 2 | 0 | |a technika jadrová |
| 610 | 2 | 0 | |a OECD |